Eurovision's Least Qualified Countries - Statistics

General Stats
  • This quiz has been taken 383 times
  • The average score is 7 of 10
Answer Stats
Qualification Rate Country % Correct
10% (1/10) San Marino
87%
0% (0/6) Andorra
86%
0% (0/4) Slovakia
80%
18% (2/11) Montenegro
77%
31% (5/16) FYR Macedonia
69%
33% (5/15) Latvia
69%
0% (0/3) Monaco
65%
31% (5/16) Belarus
59%
20% (3/15) Switzerland
42%
33% (5/15) Belgium
38%
No matching quizzes found
Score Distribution
Percent of People with Each Score
Percentile by Number Answered
Your Score History
You have not taken this quiz